Balthus (Record no. 88931)

MARC details
000 -LEADER
campo de control de longitud fija 00918nam a2200277 i 4500
001 - NÚMERO DE CONTROL
campo de control 88931
003 - IDENTIFICADOR DE NÚMERO DE CONTROL
campo de control ES-MaACL
005 - FECHA Y HORA DE LA ÚLTIMA TRANSACCIÓN
campo de control 20250905101958.0
007 - CAMPO FIJO DE DESCRIPCIÓN FÍSICA--INFORMACIÓN GENERAL
campo de control de longitud fija t|
008 - DATOS DE LONGITUD FIJA--INFORMACIÓN GENERAL
campo de control de longitud fija 041228s1996 sp ||||1| spa d
020 ## - NÚMERO INTERNACIONAL ESTÁNDAR DEL LIBRO
Número Internacional Estándar del Libro 84-8026-058-0
080 ## - NÚMERO DE LA CLASIFICACIÓN DECIMAL UNIVERSAL
Número de la Clasificación Decimal Universal 74 Balthus (083.824)
080 ## - NÚMERO DE LA CLASIFICACIÓN DECIMAL UNIVERSAL
Número de la Clasificación Decimal Universal 75 Balthus (083.824)
080 ## - NÚMERO DE LA CLASIFICACIÓN DECIMAL UNIVERSAL
Número de la Clasificación Decimal Universal 76 Balthus (083.824)
100 1# - ENTRADA PRINCIPAL--NOMBRE DE PERSONA
Nombre de persona Balthus.
9 (RLIN) 25131
245 10 - MENCIÓN DEL TÍTULO
Título Balthus
Resto del título : Museo Nacional Centro de Arte Reina Sofía, enero 1996 -marzo 1996.
260 ## - PUBLICACIÓN, DISTRIBUCIÓN, ETC.
Lugar de publicación, distribución, etc. Madrid :
Nombre del editor, distribuidor, etc. Museo Nacional Centro de Arte Reina Sofía,
Fecha de publicación, distribución, etc. [1996]
300 ## - DESCRIPCIÓN FÍSICA
Extensión 159 p. :
Otras características físicas principalmente il. col. ;
Dimensiones 28 cm.
504 ## - NOTA DE BIBLIOGRAFÍA, ETC.
Nota de bibliografía, etc. Bibliografía: p. 159.
600 14 - PUNTO DE ACCESO ADICIONAL DE MATERIA--NOMBRE DE PERSONA
Nombre de persona Balthus-
Subdivisión de forma Exposiciones.
9 (RLIN) 25132
655 #7 - TERMINO DE INDIZACIÓN--GENERO/FORMA
Fuente del término tgfbne
9 (RLIN) 193628
Datos o término principal de género/forma Catálogos de exposiciones
710 2# - ENTRADA AGREGADA--NOMBRE DE ENTIDAD CORPORATIVA
Nombre de entidad corporativa o nombre de jurisdicción como elemento de entrada Museo Nacional Centro de Arte Reina Sofía
9 (RLIN) 147737
852 ## - LOCALIZACIÓN
Ubicación ES-MaACL
Número de control de estantería E-10763
Sublocalización o colección R.134935
942 ## - ELEMENTOS DE ENTRADA SECUNDARIOS (KOHA)
Fuente del sistema de clasificación o colocación Clasificación decimal universal
Holdings
Estatus retirado Estado de pérdida Estado de daño No para préstamo Biblioteca de origen Biblioteca actual Ubicación en estantería Fecha de adquisición Fuente de adquisición Total de préstamos Signatura topográfica completa Código de barras Visto por última vez Precio de reemplazo Tipo de ítem Koha
        Biblioteca del Ateneo de Madrid Biblioteca del Ateneo de Madrid Depósito 2 17/01/2008     E-10763 1092884 23/02/2023 23/02/2023 Libro impreso